00350nam a2200157Ia 4500003000400000005001700004008004000021020001800061040000700079041000800086082001700094100001900111245001900130260003400149300000900183OSt20251205152748.0210210b2009 xxu||||| |||| 00| 0 eng d a9780330511667 cAL aeng a823.914 ARCP aJeffrey Archer aPaths of glory aLondonbPan Books Ltd.,c2009 a403p